Relational methods in computer science
Αποθηκεύτηκε σε:
| Άλλοι συγγραφείς: | , , |
|---|---|
| Μορφή: | Βιβλίο |
| Γλώσσα: | English |
| Δημοσίευση: |
Wien :
Springer,
c1997
|
| Σειρά: | Advances in computing science,
|
| Θέματα: | |
| Ετικέτες: |
Προσθήκη ετικέτας
Δεν υπάρχουν, Καταχωρήστε ετικέτα πρώτοι!
|
MARC
| LEADER | 00000nam a2200000 i 4500 | ||
|---|---|---|---|
| 001 | 1/15661 | ||
| 008 | 010122s1997 eng d | ||
| 020 | |a 3-211-82971-7 | ||
| 035 | |l 10065492 | ||
| 040 | |a GR-MY-UA |b gre |e aacr | ||
| 041 | 0 | |a eng | |
| 082 | 0 | |a 004.51133 | |
| 245 | 1 | 0 | |a Relational methods in computer science / |c C. Brink, W. Kahl, G. Schmidt (eds.) |
| 260 | |a Wien : |b Springer, |c c1997 | ||
| 300 | |a xiv, 272 p.; |c 25 cm. | ||
| 490 | 1 | |a Advances in computing science |x 1433-0113 | |
| 504 | |a Includes bibliography and index. | ||
| 650 | 0 | 0 | |a Computer science |x Mathematics. |
| 650 | 0 | 0 | |a Relation algebras. |
| 700 | 1 | |a Brink, C. |q (Chris) |4 edt | |
| 700 | 1 | |a Kahl, Wolgram. |4 edt | |
| 700 | 1 | |a Schmidt, Gunther |d 1939- |4 edt | |
| 830 | 0 | |a Advances in computing science, |x 1433-0113 | |
| 852 | |a INST |b SYROS |e 20010122 |h 004.51133 REL |p 005500001759 |q 005500001759 |t BK |y 0 | ||
| 901 | |a BIBL5-2001-1 | ||
| 909 | |a Ε |b 084588 | ||
| 922 | |a 5ΕΛΗ |b 200012 |c ΓΡΑΦΙΚΩΝ ΤΕΧΝΩΝ |d ΜΙΧΑΛΟΠΟΥΛΟΣ | ||
| 950 | |a 183-2000-12-07 | ||
| 970 | |a ΚΟΝΤΟΥ |b ΠΑΡΑΣΚΕΥΗ |z 2001/02/06 | ||